01135nam a2200193Ia 4500001001100000003001000011008004100021040002500062041001300087100002400100245002400124250001100148260009300159300001200252500025900264501011400523520025900637650004500896L808-30808IT-CnALBA170116s9999||||xx |||||||||||||| ||und|| aIT-CnALBAcIT-CnALBA aITALIANO aFELICI ICILIO, SAC. 0aANNO 1944: DIARIO.  a1a ed. a PISA. FIR. FAENZAbSALESIANA LIBR. EDIT.c1945 [1° Ed.:1945 - Ed.Ling.Originale: 1945] a190 p.  aLUCI ED OMBRE, VIRTÙ E DIFETTI DEL POPOLO ITALIANO, DESCRITTI CON IRONIA. COLLANA: L'ULIVO. VITA ALLA GIORNATA. DIMENTICO DEL PASSATO. INCERTO SUL FUTURO. PRIMAVERA, ESTATE, AUTUNNO, INVERNO. 8 MAGGIO 1945. POLEMICA APOLOGIA IMPEGNO MORALE. PROGRESSO.  aSocietà San Paolo EM - Piazza San Paolo, 14 - 12051 ALBA (CN) (non commercial uses only) ® Copyright 2017 aLUCI ED OMBRE, VIRTÙ E DIFETTI DEL POPOLO ITALIANO, DESCRITTI CON IRONIA. COLLANA: L'ULIVO. VITA ALLA GIORNATA. DIMENTICO DEL PASSATO. INCERTO SUL FUTURO. PRIMAVERA, ESTATE, AUTUNNO, INVERNO. 8 MAGGIO 1945. POLEMICA APOLOGIA IMPEGNO MORALE. PROGRESSO.  aNARRATIVA DI VARIE LETTERATURE - ROMANZI